000 00378nam a2200169Ia 4500
008 220531s9999 xx 000 0 und d
041 _aeng
082 _bLAL
100 _aLall, Ramji
_940208
245 _aMoll Flanders
260 _bRama
_c1999
300 _a250
542 _d20-11-1999
650 _aEnglish
_940209
906 _d1998-1999
999 _c24179
_d24179